000 00885nam a2200169 a 4500
008 090108s1980 ||||||||||||||||| || u
050 _aGOV.ZAM(058)TNDP/1980
110 _aGovernment of the Republic of Zambia. National Commission for Development Planning (NCDP)
245 1 0 _aThird national development plan: annual plan, 1980
_cBy The National Commission for Development Planning
260 _aLusaka:
_bNCDP
_c1980
300 _a194p.: ill.
350 _a0.00
650 _aECONOMIC DEVELOPMENT PLAN--ZAMBIA
650 0 _aAFRICA--ECONOMIC CONDITIONS
995 _aSPECIAL COLLECTIONS
_D0.00
_e03004337
_FCBU-MAIN LIBRARY (Kitwe)
_H1
_I0.00
_jGOV.ZAM(058)TNDP/1982
_M2
_UDAMAGED
_WJul 8, 2009
_y03004337
_ZZambiana Collection
995 _aSPECIAL COLLECTIONS
_D0.00
_e03004334
_FCBU-MAIN LIBRARY (Kitwe)
_H1
_I0.00
_jGOV.ZAM(058)TNDP/1980
_M1
_UAVAILABLE
_WJul 8, 2009
_y03004334
_ZZambiana Collection
999 _c81303
_d81303